[Event "Wch U16"]
[Site "Florianopolis"]
[Date "2024.10.30"]
[Round "2"]
[White "Darvekar, Yash"]
[Black "De Souza, Arthur Neres"]
[Result "0-1"]
[WhiteElo "1969"]
[BlackElo "1724"]
[PlyCount "68"]
[EventDate "2024.10.29"]
[EventType "swiss"]
[EventRounds "11"]
[EventCountry "BRA"]
[SourceTitle "CB45_2024"]
[Source "ChessBase"]
[SourceDate "2024.11.06"]
[SourceVersion "1"]
[SourceVersionDate "2024.11.06"]
[SourceQuality "1"]

1. e4 c5 2. Nf3 Nc6 3. d4 cxd4 4. Nxd4 g6 5. Nc3 Bg7 6. Be3 Nf6 7. Bc4 Qa5 8. 0-0 0-0 9. Nd5 Re8 10. Nb5 Ne5 11. Be2 Nxd5 12. exd5 d6 13. b4 Qd8 14. Rc1 Bd7 15. Nd4 Ba4 16. Qd2 Nd7 17. c4 a5 18. b5 Nc5 19. Nf3 e6 20. Bxc5 dxc5 21. d6 Qf6 22. Qe3 b6 23. Rfe1 Qb2 24. Ng5 Rad8 25. Qf3 Rd7 26. Bd3 h6 27. Rb1 Qd4 28. Ne4 f5 29. Ng3 Rxd6 30. Bxf5 Rf8 31. Qa3 exf5 32. Qxa4 f4 33. Ne4 Re6 34. Rbd1 Rxe4 0-1

[Event "Sonora op 2nd"]
[Site "Sonora"]
[Date "2024.06.14"]
[Round "3"]
[White "De Souza, Arthur Neres"]
[Black "Felicio, Leonardo Demetrio"]
[Result "1/2-1/2"]
[WhiteElo "1675"]
[BlackElo "1916"]
[PlyCount "21"]
[EventDate "2024.06.13"]
[EventType "swiss"]
[EventRounds "6"]
[EventCountry "BRA"]
[SourceTitle "CBM 220 Extra"]
[Source "ChessBase"]
[SourceDate "2024.07.31"]
[SourceVersion "1"]
[SourceVersionDate "2024.07.31"]
[SourceQuality "1"]

1. d4 Nf6 2. c4 g6 3. Nc3 Bg7 4. e4 d6 5. Nge2 0-0 6. Ng3 e5 7. d5 a5 8. h4 h6 9. Bd3 Na6 10. f3 Nc5 11. Bc2 1/2-1/2

[Event "BRA-ch Amateurs U1700"]
[Site "Sao Paulo"]
[Date "2024.06.02"]
[Round "7"]
[White "Ramos, Matheus dos Santos"]
[Black "De Souza, Arthur Neres"]
[Result "1/2-1/2"]
[WhiteElo "1781"]
[BlackElo "1692"]
[PlyCount "58"]
[EventDate "2024.05.30"]
[EventType "swiss"]
[EventRounds "7"]
[EventCountry "BRA"]
[SourceTitle "CBM 220 Extra"]
[Source "ChessBase"]
[SourceDate "2024.07.31"]
[SourceVersion "1"]
[SourceVersionDate "2024.07.31"]
[SourceQuality "1"]

1. Nf3 d5 2. d4 c5 3. e3 cxd4 4. exd4 Nc6 5. Bd3 Bg4 6. c3 e6 7. Nbd2 Bd6 8. b3 Nge7 9. Bb2 f6 10. h3 Bh5 11. g4 Bf7 12. Qe2 Qd7 13. 0-0-0 0-0-0 14. Kb1 Kb8 15. Ka1 h6 16. Nb1 e5 17. dxe5 fxe5 18. Bb5 Qc7 19. c4 d4 20. Bxc6 Nxc6 21. a3 Rhe8 22. Nfd2 Bg6 23. Ne4 Bxe4 24. Qxe4 Be7 25. b4 Bg5 26. Bc1 Qe7 27. f4 Bxf4 28. Bxf4 exf4 29. Qxf4+ Qe5 1/2-1/2

[Event "BRA-ch Amateurs U1700"]
[Site "Sao Paulo"]
[Date "2024.06.01"]
[Round "5"]
[White "De Souza, Arthur Neres"]
[Black "Maset, Pedro Yuki Yoshida"]
[Result "1-0"]
[WhiteElo "1692"]
[BlackElo "1800"]
[PlyCount "115"]
[EventDate "2024.05.30"]
[EventType "swiss"]
[EventRounds "7"]
[EventCountry "BRA"]
[SourceTitle "CBM 220 Extra"]
[Source "ChessBase"]
[SourceDate "2024.07.31"]
[SourceVersion "1"]
[SourceVersionDate "2024.07.31"]
[SourceQuality "1"]

1. d4 Nf6 2. c4 g6 3. Nc3 Bg7 4. e4 d6 5. Nge2 0-0 6. Ng3 e5 7. d5 Ne8 8. h4 Nd7 9. Be2 a5 10. Bg5 f6 11. Be3 b6 12. Qd2 Nc5 13. h5 g5 14. h6 Bh8 15. 0-0-0 a4 16. Nh5 Bd7 17. g3 Qc8 18. f4 g4 19. f5 Kf7 20. Bxg4 Ke7 21. Be2 Ra5 22. g4 Qa8 23. Bxc5 bxc5 24. Rdg1 Kd8 25. g5 fxg5 26. Rxg5 Nf6 27. Rhg1 Kc8 28. Ng7 Kb7 29. Ne6 Re8 30. Bh5 Nxh5 31. Rxh5 Bf6 32. Rh3 Rg8 33. Rhg3 Rxg3 34. Rxg3 Qe8 35. Qe2 Ra8 36. Qg4 Qe7 37. a3 Be8 38. Qh3 Bf7 39. Rg2 Rg8 40. Rxg8 Bxg8 41. Nxa4 Bg5+ 42. Kb1 Bf7 43. Qb3+ Ka7 44. Nc3 Be8 45. Nb5+ Bxb5 46. Qxb5 Bxh6 47. a4 Qh4 48. Qa5+ Kb7 49. Qxc7+ Ka6 50. Qc6+ Ka7 51. Qd7+ Ka8 52. Qc8+ Ka7 53. Qd7+ Ka8 54. Nc7+ Kb8 55. Na6+ Ka8 56. Qb5 Qxe4+ 57. Ka2 Ka7 58. a5 1-0